پر يم چند کے منتخب د لت افسا نے (Record no. 164568)

MARC details
000 -LEADER
fixed length control field 00756nam a22001937a 4500
005 - DATE AND TIME OF LATEST TRANSACTION
control field 20190523103745.0
010 ## - LCCN (DPL NO)
LC control number UR-10139
020 ## - INTERNATIONAL STANDARD BOOK NUMBER
Terms of availability 200.00
International Standard Book Number 9789388105071
035 ## - SYSTEM CONTROL NUMBER
System control number U-8694
037 ## - SOURCE OF ACQUISITION
Source of stock number/acquisition DBAD/PUB
082 ## - DEWEY DECIMAL CLASSIFICATION NUMBER
Classification number ک
100 ## - MAIN ENTRY--PERSONAL NAME
Personal name کير تی ما لنی و ٹھل راؤ جا و کۓ
245 ## - TITLE STATEMENT
Title پر يم چند کے منتخب د لت افسا نے
Statement of responsibility, etc کير تی ما لنی و ٹھل راؤ جا و کۓ
246 ## - VARYING FORM OF TITLE
Remainder of title Prem Chand ke Muntakhab Dalit Afsane (Urdu)
Title proper/short title by Dr. Kirtimalini Vithal Rao Jawale
260 ## - PUBLICATION, DISTRIBUTION, ETC. (IMPRINT)
Place of publication, distribution, etc Delhi
Name of publisher, distributor, etc Educational Publishing House
Date of publication, distribution, etc 2018 ء
270 ## - ADDRESS
Address 3191،Vakil Street,Kucha Pandit,Lal Kuan,
City Delhi
Postal code 110006
Telephone number 23216162
Fax number 00911123211540
300 ## - PHYSICAL DESCRIPTION
Extent 175ص
Dimensions 22 Cm.(bk)
942 ## - ADDED ENTRY ELEMENTS (KOHA)
Source of classification or shelving scheme Dewey Decimal Classification
Item type Urdu Bks
Classification part ک
Call number suffix پ ر ے
Holdings
Withdrawn status Lost status Not for loan Collection code Home library Current library Date acquired Source of acquisition Cost, normal purchase price Full call number Barcode Copy number Cost, replacement price Koha item type
      Fiction Central Library Central Library 23/05/2019 DBAD/PUB 200.00 ک پ ر ے U-8694 1 200.00 Urdu Bks

© Delhi Public Library
Hit Counter
free hit counter